[Event "NOR-ch U14"]
[Site "Bergen"]
[Date "2015.11.13"]
[Round "1"]
[White "Steen, Daniel"]
[Black "Gjerstad, Viljar A"]
[Result "1-0"]
[WhiteElo "1175"]
[BlackElo "604"]
[PlyCount "81"]
[EventDate "2015.11.13"]
[EventType "swiss"]
[EventRounds "7"]
[EventCountry "NOR"]
[SourceTitle "EXT 2024"]
[Source "ChessBase"]
[SourceDate "2023.10.10"]
[SourceVersion "1"]
[SourceVersionDate "2023.10.10"]
[SourceQuality "1"]

1. e4 e5 2. Nf3 Nc6 3. Bb5 Nf6 4. d3 d6 5. Nc3 g6 6. 0-0 Bg7 7. Be3 0-0 8. Re1 a6 9. Ba4 b5 10. Bb3 Be6 11. Nd5 Re8 12. Qd2 a5 13. Nxf6+ Qxf6 14. Bg5 Bh6 15. Bxh6 a4 16. Bg5 Qg7 17. Bxe6 Rxe6 18. Qc3 Ra6 19. Rad1 Qf8 20. d4 f6 21. Bc1 Re7 22. d5 Nd8 23. Qb4 Rb6 24. Be3 Rb7 25. b3 c5 26. dxc6 Nxc6 27. Qxd6 Rbc7 28. Qd5+ Kg7 29. Bc5 Na7 30. Bxe7 Qxe7 31. Qd6 Qxd6 32. Rxd6 Rxc2 33. Rd7+ Kh6 34. Rxa7 Rxa2 35. bxa4 bxa4 36. h3 g5 37. g4 Kg6 38. Rc1 h5 39. Rcc7 Ra1+ 40. Kg2 f5 41. Rc6# 1-0

[Event "NOR-ch U14"]
[Site "Bergen"]
[Date "2015.11.??"]
[Round "3"]
[White "Steen, Daniel"]
[Black "Bergersen, Johannes Matre"]
[Result "1-0"]
[WhiteElo "1175"]
[BlackElo "753"]
[PlyCount "59"]
[EventDate "2015.11.13"]
[EventType "swiss"]
[EventRounds "7"]
[EventCountry "NOR"]
[SourceTitle "EXT 2024"]
[Source "ChessBase"]
[SourceDate "2023.10.10"]
[SourceVersion "1"]
[SourceVersionDate "2023.10.10"]
[SourceQuality "1"]

1. e4 e5 2. Nf3 Nc6 3. Bb5 Bd6 4. 0-0 Nf6 5. Nc3 0-0 6. d3 a6 7. Ba4 h6 8. d4 exd4 9. Nxd4 Re8 10. Re1 Bc5 11. Be3 Nxe4 12. Nxc6 bxc6 13. Nxe4 Rxe4 14. Bxc6 Re5 15. Bxa8 d6 16. Bxc5 Rxe1+ 17. Qxe1 dxc5 18. Be4 Qf6 19. Bd3 g6 20. Qe8+ Kh7 21. Qxc8 Qxb2 22. Re1 Qc3 23. Re7 Qg7 24. Qd7 Qa1+ 25. Bf1 h5 26. Rxf7+ Kh6 27. Qd2+ g5 28. Qd7 Qe5 29. Rh7+ Kg6 30. Qf7# 1-0